Súhrnná záverečná správa Projektu evalvácie uplatňovania vybraných drogových paragrafov zákona č. 300/2005 Z.z. - Trestného zákona SR
Salvato in:
| Autore principale: | |
|---|---|
| Natura: | Libro |
| Lingua: | slovacco |
| Pubblicazione: |
Bratislava
Nadácia otvorenej spoločnosti
2010
|
| Soggetti: | |
| Tags: |
Nessun Tag, puoi essere il primo ad aggiungerne!!
|
MARC
| LEADER | 00000nam a2200000 4500 | ||
|---|---|---|---|
| 001 | 0121317 | ||
| 005 | 20230109114951.6 | ||
| 020 | |a 978-80-970143-3-9 | ||
| 041 | 0 | |a slo | |
| 044 | |a SK | ||
| 245 | 1 | 0 | |a Súhrnná záverečná správa Projektu evalvácie uplatňovania vybraných drogových paragrafov zákona č. 300/2005 Z.z. - Trestného zákona SR |c Tatiana Hičárová ... [et al.] |
| 264 | 1 | |a Bratislava |b Nadácia otvorenej spoločnosti |c 2010 | |
| 300 | |a 104 s. | ||
| 610 | 2 | 0 | |a zákony |
| 610 | 2 | 0 | |a kriminalita |
| 610 | 2 | 0 | |a právo trestné |
| 610 | 2 | 0 | |a drogy |
| 610 | 2 | 0 | |a ceny |
| 610 | 2 | 0 | |a legislatíva |
| 610 | 2 | 0 | |a Slovensko |
| 100 | 1 | |a Hičárová-Rajniaková, Tatiana | |